Central Library, Doon University
WEBOPAC (ONLINE PUBLIC ACCESS CATALOGUE)

Introduction to Cyber Law (Record no. 60415)

MARC details
000 -LEADER
fixed length control field 00444nam a22001817a 4500
005 - DATE & TIME
control field 20260220114231.0
008 - FIXED-LENGTH DATA ELEMENTS--GENERAL INFORMATION
fixed length control field 260220b |||||||| |||| 00| 0 eng d
020 ## - ISBN
International Standard Book Number 9789382676812
Price 270.00
040 ## - CATALOGING SOURCE
Original cataloging agency Doon University
041 ## - Language
Language English
082 ## - DDC NUMBER
Classification number 005.8
Book Number MIS
100 ## - MAIN ENTRY--PERSONAL NAME
Personal name Mishra, J.P.
245 ## - TITLE STATEMENT
Title Introduction to Cyber Law
260 ## - PUBLICATION, DISTRIBUTION, ETC. (IMPRINT)
Place of publication, distribution, etc Allahabad
Name of publisher, distributor, etc Central Law
Date of publication, distribution, etc 2023
300 ## - PHYSICAL DESCRIPTION
Pages 419
650 ## - Subject
Subject Computer Science
942 ## - ADDED ENTRY ELEMENTS (KOHA)
Koha item type Books
100 ## - MAIN ENTRY--PERSONAL NAME
-- 25969
952 ## - LOCATION AND ITEM INFORMATION (KOHA)
-- 2026-02-20
952 ## - LOCATION AND ITEM INFORMATION (KOHA)
-- 2026-02-20
952 ## - LOCATION AND ITEM INFORMATION (KOHA)
-- 2026-02-20
952 ## - LOCATION AND ITEM INFORMATION (KOHA)
-- 2026-02-20
952 ## - LOCATION AND ITEM INFORMATION (KOHA)
-- 2026-02-20
952 ## - LOCATION AND ITEM INFORMATION (KOHA)
-- 2026-04-10
952 ## - LOCATION AND ITEM INFORMATION (KOHA)
-- 2026-04-10
952 ## - LOCATION AND ITEM INFORMATION (KOHA)
-- 2026-04-10
Holdings
Withdrawn status Lost status Source of classification or shelving scheme Damaged status Not for loan Location (home branch) Sublocation or collection (holding branch) Date acquired Koha full call number Accession No. Koha date last seen Koha item type Koha issues (times borrowed)
        Not For Loan Doon University Doon University 20.02.2026 005.8 MIS 52929 20.02.2026 Reference  
          Doon University Doon University 20.02.2026 005.8 MIS 52930 20.02.2026 Books  
          Doon University Doon University 20.02.2026 005.8 MIS 52931 20.02.2026 Books  
          Doon University Doon University 20.02.2026 005.8 MIS 52932 20.02.2026 Books  
          Doon University Doon University 20.02.2026 005.8 MIS 52933 20.02.2026 Books  
          Doon University Doon University 10.04.2026 005.8 MIS 53623 10.04.2026 Books  
          Doon University Doon University 10.04.2026 005.8 MIS 53624 10.04.2026 Books  
          Doon University Doon University 10.04.2026 005.8 MIS 53625 10.04.2026 Books  
Contact : +91-135-2533126 (Library),+91-135-2533105 (Admin Office) , Email : doonlibrary@gmail.com

Powered by Koha